| 000 | 00980nam a22002658a 4500 | ||
|---|---|---|---|
| 005 | 20080307133824.0 | ||
| 008 | 080306s2009 nyu 000 0 eng | ||
| 010 | _aENG-91791 | ||
| 020 |
_a9780070221888 _c350.00 |
||
| 020 | _a007022188X | ||
| 035 | _aEN-75324 | ||
| 037 | _bDBAD / PUB | ||
| 040 |
_adpl _bEnglish |
||
| 082 | _a658.409 | ||
| 100 | _aD'Alessandro, David F. | ||
| 245 |
_aExecutive warfare : _b10 rules of engagement for winning your war for success / _cby David F. D'Alessandro with Michele Owens. |
||
| 260 |
_aNew Delhi _bTata McGraw-Hill Publishing _c2008 |
||
| 300 |
_axvi, 265p. _c23cm (pbk) |
||
| 500 | _aIncludes index | ||
| 650 | _aExecutives. | ||
| 650 | _aCareer development. | ||
| 700 | _aOwens, Michele. | ||
| 942 |
_2ddc _cEN _h658.409 _mDAL |
||
| 999 |
_c19030 _d19030 |
||